<?xml version="1.0" encoding="UTF-8"?>
<record
    xmlns:xsi="http://www.w3.org/2001/XMLSchema-instance"
    xsi:schemaLocation="http://www.loc.gov/MARC21/slim http://www.loc.gov/standards/marcxml/schema/MARC21slim.xsd"
    xmlns="http://www.loc.gov/MARC21/slim">

  <leader>01696cam a22002895i 4500</leader>
  <controlfield tag="001">114209</controlfield>
  <controlfield tag="003">DR-UNIBE</controlfield>
  <controlfield tag="005">20251114102833.0</controlfield>
  <controlfield tag="008">180130t2018    sp a     b    001 0 spa d</controlfield>
  <datafield tag="020" ind1=" " ind2=" ">
    <subfield code="a">9788408293811</subfield>
  </datafield>
  <datafield tag="040" ind1=" " ind2=" ">
    <subfield code="a">BIBLIOTECA UNIBE</subfield>
    <subfield code="c">BIBLIOTECA UNIBE</subfield>
    <subfield code="e">rda</subfield>
  </datafield>
  <datafield tag="041" ind1=" " ind2=" ">
    <subfield code="a">spa</subfield>
    <subfield code="h">eng</subfield>
  </datafield>
  <datafield tag="082" ind1="0" ind2="4">
    <subfield code="a">170.44 P485r</subfield>
    <subfield code="2">23</subfield>
  </datafield>
  <datafield tag="100" ind1="1" ind2=" ">
    <subfield code="a">Peterson, Jordan B.,</subfield>
    <subfield code="e">autor</subfield>
    <subfield code="9">200696</subfield>
  </datafield>
  <datafield tag="245" ind1="1" ind2="0">
    <subfield code="a">12 reglas para vivir :</subfield>
    <subfield code="b">un ant&#xED;doto al caos /</subfield>
    <subfield code="c">Jordan B. Peterson </subfield>
  </datafield>
  <datafield tag="264" ind1=" " ind2="1">
    <subfield code="a">Barcelona :</subfield>
    <subfield code="b">Editorial Grupo Planeta,</subfield>
    <subfield code="c">2018</subfield>
  </datafield>
  <datafield tag="300" ind1=" " ind2=" ">
    <subfield code="a">510 p&#xE1;ginas :</subfield>
    <subfield code="b">ilustraciones</subfield>
  </datafield>
  <datafield tag="505" ind1=" " ind2=" ">
    <subfield code="a"> 1. Ender&#xE9;zate y mant&#xE9;n los hombros hacia atr&#xE1;s |
 2. Tr&#xE1;tate a ti mismo como si fueras alguien que depende de ti |
 3. Trabaja amistad con aquellas personas que quieran lo mejor para ti |
 4. No te compares con otro, comp&#xE1;rate con quien eras t&#xFA; antes |
 5. No permitas que tus hijos hagan cosas que detestes |
 6. Antes de criticar a alguien, aseg&#xFA;rate de tener tu vida en perfecto orden |
 7. Dedica tus esfuerzos a hacer cosas con significado, no aquello que m&#xE1;s te convenga |
 8. Di la verdad, o por lo menos no mientas |
 9. Da por hecho que la persona a la que escuchas puede saber algo que t&#xFA; no sabes |
 10. A la hora de hablar, expr&#xE9;sate con precisi&#xF3;n |
 11. Deja en paz a los chavales que montan en monopat&#xED;n |
 12. Si te encuentras un gato por la calle, acar&#xED;cialo |
   Conclusi&#xF3;n |
</subfield>
  </datafield>
  <datafield tag="650" ind1=" " ind2="7">
    <subfield code="a">Conducta (&#xC9;tica)</subfield>
  </datafield>
  <datafield tag="650" ind1=" " ind2="7">
    <subfield code="a">Conducta (Psicolog&#xED;a)</subfield>
  </datafield>
  <datafield tag="650" ind1=" " ind2="7">
    <subfield code="a">Autoayuda </subfield>
  </datafield>
  <datafield tag="650" ind1=" " ind2="7">
    <subfield code="a">Psicolog&#xED;a aplicada </subfield>
    <subfield code="9">8752</subfield>
  </datafield>
  <datafield tag="653" ind1="0" ind2="0">
    <subfield code="a">Conducta de vida </subfield>
  </datafield>
  <datafield tag="653" ind1="0" ind2="0">
    <subfield code="a">Crecimiento personal</subfield>
  </datafield>
  <datafield tag="700" ind1=" " ind2=" ">
    <subfield code="a">Ruiz Herrero, Juan</subfield>
    <subfield code="e">traductor</subfield>
    <subfield code="9">200702</subfield>
  </datafield>
  <datafield tag="942" ind1=" " ind2=" ">
    <subfield code="2">ddc</subfield>
    <subfield code="c">BK</subfield>
  </datafield>
  <datafield tag="999" ind1=" " ind2=" ">
    <subfield code="c">114209</subfield>
    <subfield code="d">114209</subfield>
  </datafield>
  <datafield tag="952" ind1=" " ind2=" ">
    <subfield code="0">0</subfield>
    <subfield code="1">0</subfield>
    <subfield code="2">ddc</subfield>
    <subfield code="7">0</subfield>
    <subfield code="8">RES</subfield>
    <subfield code="a">Principal</subfield>
    <subfield code="c">NEW</subfield>
    <subfield code="d">2025-11-12</subfield>
    <subfield code="l">0</subfield>
    <subfield code="o">170.44 P485r</subfield>
    <subfield code="p">251137</subfield>
    <subfield code="r">2025-11-12 12:28:00</subfield>
    <subfield code="t">Ej. 1</subfield>
    <subfield code="w">2025-11-12</subfield>
    <subfield code="y">BK-RES</subfield>
  </datafield>
  <datafield tag="952" ind1=" " ind2=" ">
    <subfield code="0">0</subfield>
    <subfield code="1">0</subfield>
    <subfield code="2">ddc</subfield>
    <subfield code="7">0</subfield>
    <subfield code="8">GEN</subfield>
    <subfield code="a">Principal</subfield>
    <subfield code="d">2025-11-12</subfield>
    <subfield code="l">2</subfield>
    <subfield code="m">3</subfield>
    <subfield code="o">170.44 P485r</subfield>
    <subfield code="p">251138</subfield>
    <subfield code="r">2026-04-20 10:20:08</subfield>
    <subfield code="s">2026-03-13</subfield>
    <subfield code="t">Ej. 2</subfield>
    <subfield code="w">2025-11-12</subfield>
    <subfield code="y">BK</subfield>
  </datafield>
  <datafield tag="952" ind1=" " ind2=" ">
    <subfield code="0">0</subfield>
    <subfield code="1">0</subfield>
    <subfield code="2">ddc</subfield>
    <subfield code="7">0</subfield>
    <subfield code="8">GEN</subfield>
    <subfield code="a">Principal</subfield>
    <subfield code="d">2025-11-12</subfield>
    <subfield code="l">4</subfield>
    <subfield code="o">170.44 P485r</subfield>
    <subfield code="p">251139</subfield>
    <subfield code="q">2026-06-10</subfield>
    <subfield code="r">2026-05-27 13:42:33</subfield>
    <subfield code="s">2026-05-27</subfield>
    <subfield code="t">Ej. 3</subfield>
    <subfield code="w">2025-11-12</subfield>
    <subfield code="y">BK</subfield>
  </datafield>
</record>
